Statistiques concernant - Prénoms féminins les plus donnés en 1917 -

Cliquez ici pour prendre le quiz!

Statistiques générales

  • Ce quiz a été pris 290 fois
  • Le résultat moyen est 65 sur 100

Statistiques - réponses

Position Première lettre Prénom % Correct
1MMarie
100%
84JJulie
96%
2JJeanne
94%
9LLouise
91%
20AAnne
88%
46PPaule
88%
37FFrançoise
87%
7YYvonne
87%
34YYvette
86%
30LLucie
86%
25JJuliette
85%
11PPaulette
83%
67PPauline
82%
17HHenriette
82%
19HHélène
81%
27MMaria
80%
93IIsabelle
80%
68EEmilie
79%
28JJacqueline
78%
15GGeorgette
78%
55CCatherine
77%
47CCharlotte
77%
12DDenise
76%
48EElisabeth
76%
61CCamille
76%
3MMadeleine
76%
40RRose
76%
71JJeannine
74%
4SSuzanne
74%
69BBernadette
73%
42EElisé
73%
6MMarguerite
73%
29JJoséphine
73%
26TThérèse
73%
14SSimone
73%
8GGermaine
71%
38AAnna
71%
10LLucienne
71%
33AAntoinette
70%
13RRaymonde
70%
85JJulia
70%
22AAlice
69%
16OOdette
69%
59FFrancine
69%
21MMarthe
68%
24FFernande
68%
91AAmélie
68%
5MMarcelle
68%
56CChristiane
66%
80MMicheline
66%
63LLéa
65%
65PPierrette
65%
66MMathilde
65%
45CCécile
65%
31GGabrielle
65%
81CColette
65%
96OOdile
65%
23GGeneviève
64%
58LLéonie
63%
87MMauricette
63%
49GGisèle
63%
44IIrène
62%
74AAline
61%
36EEugénie
60%
60FFrance
60%
77EEmma
60%
62CClaire
60%
32BBerthe
59%
73MMireille
58%
41SSolange
58%
35EEmilienne
58%
98CClémence
58%
43AAngèle
57%
53AAlbertine
56%
99AAdèle
55%
100JJosette
55%
90HHuguette
55%
50AAugustine
55%
76LLucette
55%
54JJulienne
54%
57BBlanche
53%
75LLéontine
51%
94RRosalie
50%
18SSimonne
50%
39GGilberte
49%
79EEliane
48%
86EErnestine
48%
97AAlphonsine
47%
92OOlga
46%
88AAgnès
45%
82RRolande
42%
72AAndréa
42%
64AAimée
42%
52AAdrienne
42%
51MMarie-Louise
40%
89MMarie-Thérèse
39%
70RReine
39%
78AAugusta
38%
95EEdith
37%
83CCarmen
27%

Distribution des résultats

Percentile by Number Answered

% des personnes avec chaque résultat

Votre développement - résultats

Vous n’avez pas pris ce quiz